000 01138nam a2200325Ia 4500
005 20220317001853.0
008 170410s2016 s a g 000 0 s
020 _a9788488342546
041 _aspa
100 1 _aCarle, Eric
_d1929-
245 1 3 _aEl camaleón camaleónico
_cEric Carle ; traducción Esther Rubio
250 _aQuinta edición
300 _a[32] páginas
_bilustraciones a color
_c18 cm
534 _tThe mixed-up chameleon
650 1 4 _2LEMB
_aCuentos infantiles estadounidenses
_ySiglo XX
650 1 4 _2LEMB
_aLiteratura infantil estadounidense
_ySiglo XX
650 1 4 _2LEMB
_aConflictos de identidad en la literatura
650 1 4 _2LEMB
_aAnimales en la literatura
650 1 4 _2LEMB
_aZoológicos en la literatura
650 1 4 _2LEMB
_aCamaleones en la literatura
650 1 4 _2LEMB
_aLibros ilustrados para niños
700 1 _aRubio, Esther
_etraductora
_918702
942 _2loc
_cBKLIT
264 _aMadrid
_bKókinos
_c2016
336 _atexto
_btxt
_2rdacontent
337 _asin mediación
_bn
_2rdamedia
338 _avolumen
_bnc
_2rdacarrier
040 _aCO-BoRNBP
_bspa
_erda
_cCO-BoRNBP
084 _aA CAR5
999 _c8364
_d8364